Buffy the Vampire Slayer trivia Quiz Stats

Quiz not verified by Sporcle

Challenge
Share
Tweet
Embed
Score 0/20 Timer 06:00
1 Play Today
Hint Answer % Correct
What is buffy's 'little sister' called?Dawn
99.9%
throughout the series Buffy is in love with 2 vampires, what are their names?Angel and Spike
99.6%
What is Buffy's mother called?Joyce
97.6%
What is the name of the woman that dates Xander and is an ex-demon?Anya
97.4%
What was the name of Willow's boyfriend who plays guitar?Oz
96.8%
What is the name of Buffy's boyfriend who works in a secret government sector (initiative) that deals with demons?Riley
95.9%
What is the name of Willows first Girlfriend who is also a witch?Tara
95.7%
What deos Oz turn into at a full moon?werewolf
95.6%
what is the super-evil vampire in the 1st/2nd series referred to as?the Master
95.5%
Which co-star now has a spin-off show?Angel
95%
Hint Answer % Correct
What is Dawn?A key
94.8%
What is the name of the bar/club that buffy and the gang always go to?the Bronze
94.7%
What is the name of the 2nd slayer created when Buffy died?Kendra
94.4%
What do Joyce and Giles have sex on top of?Police car
93.4%
Who Plays Buffy?Sarah Michelle Gellar
92.6%
what is the name of the shop Giles purchases after leaving the school?Magic Box
89.5%
Buffy's first principal is eaten by what in a human form?hyena
89.3%
What does Xander work in?Construction
88.8%
If Angel experienes one moment of pure happiness, what happens to him?loses his soul
78.3%
What does the 'chip' in Spike's head prevent him from doing?harming people
62.3%

You're not logged in!

Compare scores with friends on all Sporcle quizzes.
Sign Up with Email
OR
Log In

You Might Also Like...

Show Comments

Extras

Top Quizzes Today


Score Distribution

Your Account Isn't Verified!

In order to create a playlist on Sporcle, you need to verify the email address you used during registration. Go to your Sporcle Settings to finish the process.